Inaccurate Movies Quiz Stats

Quiz Updated Aug 27, 2012

Challenge
Share
Tweet
Embed
Score 0/14 Timer 05:00
0 Plays Today
Subject Movie % Correct
GunsDie Hard 2
73.8%
FootballRemember the Titans
64.4%
Secret ServiceAir Force One
60.3%
LawDouble Jeopardy
48.4%
BaseballThe Natural
44%
LiteratureTroy
38%
BaseballRookie of the Year
37.7%
Subject Movie % Correct
History10,000 BC
35.6%
ScienceWaterworld
33.4%
HistoryBonnie and Clyde
32.9%
PokerRounders
30.1%
ScienceThe Core
28%
PokerCasino Royale
26.7%
ChessThe Seventh Seal
9.2%

You're not logged in!

Compare scores with friends on all Sporcle quizzes.
Join for Free
OR
Log In

You Might Also Like...

Show Comments

Extras

Top Quizzes Today


Score Distribution

Your Account Isn't Verified!

In order to create a playlist on Sporcle, you need to verify the email address you used during registration. Go to your Sporcle Settings to finish the process.

Report this User

Report this user for behavior that violates our Community Guidelines.

Details: